Catálogo
 En Linea
Vista normal Vista MARC

Entrada Nombre de reunión

Número de registros utilizados en: 2

001 - NÚMERO DE CONTROL

  • campo de control: 82356

003 - IDENTIFICADOR DEL NÚMERO DE CONTROL

  • campo de control: DO-SdBNP

005 - FECHA Y HORA DE LA ÚLTIMA TRANSACCIÓN

  • campo de control: 20220913113242.0

008 - DATOS DE LONGITUD FIJA

  • campo de control de longitud fija: 220913|| aca||aabn | a|a d

040 ## - FUENTE DE LA CATALOGACIÓN

  • Centro catalogador/agencia de origen: DO-SdBNP
  • Centro/agencia transcriptor: DO-SdBNP

111 ## - ENCABEZAMIENTO--NOMBRE DE CONGRESO/REUNIÓN

  • Nombre de congreso/reunión o jurisdicción como elemento de entrada: Feria del Libro y la Cultura Juan de Jesús Reyes
  • Fecha del congreso/reunión: (1989 :
  • Sede del congreso/Lugar de la reunión: Mao, Valverde, (República Dominicana).
  • Subdivisión general: Programas

670 ## - FUENTE DE DATOS ENCONTRADOS

  • Cita de la fuente: Work cat.: (DO-SdBNP)52382: Feria del Libro y la Cultura Juan de Jesús Reyes (1ra. 1989 : 9 al 17 de septiembre Mao, Valverde) 82355, Feria del libro y la cultura Juan de Jesús Reyes:, 1989

Con tecnología Koha